Länderflaggen mit entferntem Blau 1 - Statistiken

Allgemein
  • Dieses Quiz wurde 329 mal gespielt
  • Das Durchschnittsergebnis liegt bei 12 aus 16
Antwortstatistiken
Bildquiz Antwort % Korrekt
Argentinien
99%
Kasachstan
93%
Barbados
90%
Kambodscha
86%
Mongolei
85%
Estland
79%
Belize
78%
Bahamas
76%
Haiti
75%
Kuba
75%
Fidschi
74%
Kap Verde
72%
Armenien
70%
Dschibuti
67%
Botswana
63%
Laos
29%
Keine übereinstimmenden Quizze gefunden
Verteilung der Resultate
Anzahl Personen mit jedem Resultat
Perzentil nach korrekt beantworteten Fragen
Ihre Resultats-Entwicklung
Sie haben dieses Quiz noch nicht gespielt